[Event "FIDE Olympiad Disabilties 2020"]
[Site "Online"]
[Date "2020.11.21"]
[Round "5.2"]
[White "Stachanczyk, Jacek"]
[Black "Shashikant, Kutwal"]
[Result "1-0"]
[WhiteElo "2122"]
[BlackElo "2182"]
[Annotator "TA"]
[PlyCount "70"]
[EventDate "2020.11.21"]
[EventType "team-tourn"]
[EventCountry "NET"]
[SourceTitle "playchess.com"]
[Source "ChessBase"]
[SourceQuality "1"]
[WhiteTeam "Poland"]
[BlackTeam "India"]
[WhiteTeamCountry "POL"]
[BlackTeamCountry "IND"]

1. e4 c5 2. Nf3 d6 3. d4 cxd4 4. Nxd4 Nf6 5. Nc3 Nc6 6. Bg5 e6 7. Qd2 Qb6 8. Nb3 a6 9. O-O-O Be7 10. f4 O-O 11. Be2 Rd8 12. Bf3 Bd7 13. g4 Rac8 14. Kb1 Be8 15. h4 Qc7 16. h5 b5 17. a3 b4 18. axb4 Nxb4 19. h6 g6 20. Qd4 Nc6 21. Qf2 Kh8 22. Qh4 Ng8 23. Bxe7 Qxe7 24. g5 Qc7 25. Qf2 Nge7 26. Rd2 a5 27. Rhd1 Nb4 28. Qd4+ e5 29. fxe5 Nec6 30. exd6+ Nxd4 31. dxc7 Rxc7 32. Rxd4 Rxd4 33. Rxd4 Kg8 34. Nxa5 Nc6 35. Nxc6 Rxc6 1-0

[Event "FIDE Olympiad Disabilties 2020"]
[Site "Online"]
[Date "2020.11.21"]
[Round "5.2"]
[White "Wolanski, Michal"]
[Black "Naveen, Kumar A."]
[Result "1-0"]
[WhiteElo "2029"]
[BlackElo "2035"]
[Annotator "TA"]
[PlyCount "67"]
[EventDate "2020.11.21"]
[EventType "team-tourn"]
[EventCountry "NET"]
[SourceTitle "playchess.com"]
[Source "ChessBase"]
[SourceQuality "1"]
[WhiteTeam "Poland"]
[BlackTeam "India"]
[WhiteTeamCountry "POL"]
[BlackTeamCountry "IND"]

1. c4 c6 2. g3 Nf6 3. Nf3 d5 4. Bg2 g6 5. O-O Bg7 6. d4 O-O 7. b3 Nbd7 8. Bb2 Re8 9. Qc2 b6 10. Nc3 Bb7 11. Rfd1 Rc8 12. Rac1 e6 13. e4 dxe4 14. Nxe4 Nxe4 15. Qxe4 Nf6 16. Qe2 Qc7 17. Ne5 c5 18. dxc5 bxc5 19. Rc2 Bxg2 20. Kxg2 Red8 21. Rcd2 Rxd2 22. Rxd2 Qb7+ 23. f3 h5 24. Qd1 Qc7 25. Nd7 Nd5 26. cxd5 Qxd7 27. Bxg7 Kxg7 28. Qe2 Rd8 29. d6 Rc8 30. Qe5+ f6 31. Qe4 Kf7 32. h4 Rc6 33. Qxc6 Qxc6 34. d7 1-0

[Event "FIDE Olympiad Disabilties 2020"]
[Site "Online"]
[Date "2020.11.21"]
[Round "5.2"]
[White "Jennitha, Anto K."]
[Black "Tryjanska, Emilia"]
[Result "0-1"]
[WhiteElo "2001"]
[BlackElo "1425"]
[Annotator "TA"]
[PlyCount "58"]
[EventDate "2020.11.21"]
[EventType "team-tourn"]
[EventCountry "NET"]
[SourceTitle "playchess.com"]
[Source "ChessBase"]
[SourceQuality "1"]
[WhiteTeam "India"]
[BlackTeam "Poland"]
[WhiteTeamCountry "IND"]
[BlackTeamCountry "POL"]

1. e4 e5 2. Nf3 Nc6 3. Bb5 a6 4. Ba4 Nf6 5. d3 b5 6. Bb3 Be7 7. O-O d6 8. c3 Bg4 9. Re1 O-O 10. Nbd2 Nb8 11. Nf1 c5 12. h3 Bc8 13. Ng3 Re8 14. d4 exd4 15. cxd4 c4 16. Bc2 d5 17. e5 Nfd7 18. Nf5 Bf8 19. Ng5 g6 20. Qf3 gxf5 21. Qh5 Nf6 22. Qxf7+ Kh8 23. exf6 Rxe1+ 24. Kh2 Bd6+ 25. f4 Qg8 26. Qh5 Qg6 27. Nf7+ Kg8 28. Qxg6+ hxg6 29. Nxd6 Nc6 0-1

[Event "FIDE Olympiad Disabilties 2020"]
[Site "Online"]
[Date "2020.11.21"]
[Round "5.3"]
[White "Tazbir, Marcin"]
[Black "Severino, Sander"]
[Result "1/2-1/2"]
[WhiteElo "2513"]
[BlackElo "2364"]
[Annotator "TA"]
[PlyCount "89"]
[EventDate "2020.11.21"]
[EventType "team-tourn"]
[EventCountry "NET"]
[SourceTitle "playchess.com"]
[Source "ChessBase"]
[SourceQuality "1"]
[WhiteTeam "Poland"]
[BlackTeam "Philippines"]
[WhiteTeamCountry "POL"]
[BlackTeamCountry "PHI"]

1. e4 c6 2. Nc3 d5 3. Nf3 dxe4 4. Nxe4 Nf6 5. Nxf6+ exf6 6. Bc4 Qe7+ 7. Qe2 Bg4 8. O-O Qxe2 9. Bxe2 Bd6 10. h3 Bf5 11. c3 O-O 12. Nd4 Bd7 13. Bf3 a5 14. Nc2 Bf5 15. Nd4 Bd3 16. Be2 Bxe2 17. Nxe2 Re8 18. Re1 Nd7 19. d4 Nb6 20. a4 Re7 21. Kf1 Rae8 22. b3 Nd5 23. Bd2 b6 24. Rad1 h5 25. Nc1 Rxe1+ 26. Rxe1 Rxe1+ 27. Kxe1 Kf8 28. Nd3 Nc7 29. Ke2 Ke7 30. Nf4 g6 31. Kd3 Kd7 32. c4 c5 33. d5 Na6 34. g4 hxg4 35. hxg4 Nb4+ 36. Bxb4 Bxf4 37. Bc3 Ke7 38. Ke4 Bd6 39. Bd2 Kd7 40. Bf4 Be7 41. Bg3 Bf8 42. Kf3 Be7 43. Ke4 Bf8 44. Kf3 Be7 45. Ke4 1/2-1/2

[Event "FIDE Olympiad Disabilties 2020"]
[Site "Online"]
[Date "2020.11.21"]
[Round "5.3"]
[White "Nowak, Lukasz"]
[Black "Rom, Jasper"]
[Result "1/2-1/2"]
[WhiteElo "2265"]
[BlackElo "2202"]
[Annotator "TA"]
[PlyCount "84"]
[EventDate "2020.11.21"]
[EventType "team-tourn"]
[EventCountry "NET"]
[SourceTitle "playchess.com"]
[Source "ChessBase"]
[SourceQuality "1"]
[WhiteTeam "Poland"]
[BlackTeam "Philippines"]
[WhiteTeamCountry "POL"]
[BlackTeamCountry "PHI"]

1. d4 d5 2. c4 e6 3. Nf3 Nf6 4. g3 Be7 5. Bg2 O-O 6. O-O dxc4 7. Qc2 a6 8. a4 c5 9. Rd1 Nc6 10. Qxc4 b5 11. Qc3 Bb7 12. axb5 axb5 13. Rxa8 Bxa8 14. Qb3 Qb6 15. Na3 Rb8 16. Bf4 c4 17. Qc2 Rc8 18. Bg5 h6 19. Bxf6 Bxf6 20. e3 Na5 21. b4 Nc6 22. Qb2 Ne7 23. Nb1 Bc6 24. Nc3 Qb7 25. Ne1 Bxg2 26. Nxg2 Ra8 27. Nf4 g6 28. e4 Bg7 29. d5 Rd8 30. Qc1 exd5 31. Ncxd5 Nc6 32. Ne2 Re8 33. Nec3 Ne5 34. Qe3 Nd3 35. Ra1 Bxc3 36. Nxc3 Nxb4 37. Ra7 Qb8 38. Qc5 Nd3 39. Qd4 Ne5 40. Qc5 Nd3 41. Qd4 Ne5 42. Qc5 Nd3 1/2-1/2

[Event "FIDE Olympiad Disabilties 2020"]
[Site "Online"]
[Date "2020.11.21"]
[Round "5.3"]
[White "Bernardo, Darry"]
[Black "Molenda, Marcin"]
[Result "1-0"]
[WhiteElo "2114"]
[BlackElo "2349"]
[Annotator "TA"]
[PlyCount "73"]
[EventDate "2020.11.21"]
[EventType "team-tourn"]
[EventCountry "NET"]
[SourceTitle "playchess.com"]
[Source "ChessBase"]
[SourceQuality "1"]
[WhiteTeam "Philippines"]
[BlackTeam "Poland"]
[WhiteTeamCountry "PHI"]
[BlackTeamCountry "POL"]

1. e4 c5 2. Nc3 g6 3. g3 Bg7 4. Bg2 Nc6 5. Nge2 Nf6 6. d3 O-O 7. Be3 d6 8. h3 Rb8 9. f4 Ne8 10. O-O Nc7 11. d4 cxd4 12. Nxd4 a6 13. Qd2 Na5 14. b3 Bd7 15. Rad1 Nc6 16. Nde2 Qc8 17. Kh2 Be6 18. Nd5 Ne8 19. Nb6 Qc7 20. c4 Nf6 21. Nc3 Nd7 22. Nca4 Nxb6 23. Nxb6 Rbd8 24. f5 Bc8 25. Nd5 Qb8 26. f6 exf6 27. Nxf6+ Kh8 28. Bh6 Ne5 29. Qg5 Nd7 30. Nh5 Bxh6 31. Qxh6 gxh5 32. e5 Nxe5 33. Rf6 Rg8 34. Rfxd6 Rxd6 35. Rxd6 Ng6 36. Qd2 h4 37. Qd4+ 1-0

[Event "FIDE Olympiad Disabilties 2020"]
[Site "Online"]
[Date "2020.11.21"]
[Round "5.3"]
[White "Mendoza, Cheyzer Crystal J."]
[Black "Stolarczyk, Anna"]
[Result "1-0"]
[WhiteElo "1639"]
[BlackElo "1909"]
[Annotator "TA"]
[PlyCount "105"]
[EventDate "2020.11.21"]
[EventType "team-tourn"]
[EventCountry "NET"]
[SourceTitle "playchess.com"]
[Source "ChessBase"]
[SourceQuality "1"]
[WhiteTeam "Philippines"]
[BlackTeam "Poland"]
[WhiteTeamCountry "PHI"]
[BlackTeamCountry "POL"]

1. e4 c5 2. c3 e6 3. d4 d5 4. exd5 Qxd5 5. Nf3 Nc6 6. Be3 cxd4 7. cxd4 Bb4+ 8. Nbd2 Nf6 9. Be2 Ne4 10. O-O Nxd2 11. Bxd2 Bd6 12. Bc3 O-O 13. Qd2 b6 14. b3 b5 15. Rfd1 Bb7 16. Ne1 Rac8 17. Bf3 Qf5 18. Qe3 Bf4 19. Qe2 b4 20. Bxb4 Nxb4 21. Bxb7 Rc7 22. Be4 Qg5 23. a3 Nd5 24. Bxd5 exd5 25. g3 Bd6 26. b4 Re7 27. Qf3 Re4 28. Ng2 Rc8 29. Qb3 Be7 30. Ne3 Bf6 31. Qxd5 Qg6 32. Qb7 Rd8 33. Rac1 Rexd4 34. Qxa7 Rxd1+ 35. Rxd1 Re8 36. Qd7 Rf8 37. Qd3 Qh5 38. a4 g6 39. Qe4 Bg5 40. Rb1 Rd8 41. Qg4 Qh6 42. Qe2 Qg7 43. b5 Qc3 44. Qb2 Qa5 45. Qb3 Rd2 46. Nc4 Qa7 47. Nxd2 Bxd2 48. b6 Qb7 49. Qd3 Ba5 50. Qb5 Qe4 51. b7 Be1 52. b8=Q+ Kg7 53. Q5e5+ 1-0

[Event "FIDE Olympiad Disabilties 2020"]
[Site "Online"]
[Date "2020.11.21"]
[Round "5.4"]
[White "Gurbanov, Andrei"]
[Black "Lukasik, Zuzanna"]
[Result "1-0"]
[WhiteElo "2289"]
[BlackElo "1643"]
[Annotator "TA"]
[PlyCount "99"]
[EventDate "2020.11.21"]
[EventType "team-tourn"]
[EventCountry "NET"]
[SourceTitle "playchess.com"]
[Source "ChessBase"]
[SourceQuality "1"]
[WhiteTeam "Israel"]
[BlackTeam "Poland"]
[WhiteTeamCountry "ISR"]
[BlackTeamCountry "POL"]

1. d4 d5 2. c4 c6 3. Nc3 Nf6 4. Nf3 g6 5. Bf4 Bf5 6. Qb3 Qb6 7. c5 Qxb3 8. axb3 Nbd7 9. b4 Bg7 10. b5 O-O 11. e3 cxb5 12. Bxb5 e6 13. h3 a6 14. Be2 Ne4 15. Na4 e5 16. Nxe5 Bxe5 17. Bxe5 Nxe5 18. dxe5 Rac8 19. b4 Rfe8 20. g4 Bd7 21. Nb6 Rcd8 22. f4 Bc6 23. O-O d4 24. Ra3 dxe3 25. Rxe3 Rd4 26. Rb1 Nd2 27. Rd1 Red8 28. f5 Rxb4 29. e6 fxe6 30. fxe6 Rb1 31. Rxb1 Nxb1 32. e7 Rd2 33. Nc4 Rc2 34. e8=Q+ Bxe8 35. Rxe8+ Kg7 36. Re7+ Kf6 37. Rxb7 Rxe2 38. Rxb1 Rc2 39. Rb4 Ke6 40. c6 Rc3 41. Kg2 Rc2+ 42. Kf3 Rc3+ 43. Ke4 Rxh3 44. c7 Kd7 45. Rb7 Rc3 46. Nb6+ Kd6 47. c8=Q Rxc8 48. Nxc8+ Kc6 49. Rxh7 a5 50. Rh6 1-0

[Event "FIDE Olympiad Disabilties 2020"]
[Site "Online"]
[Date "2020.11.21"]
[Round "5.4"]
[White "Streltsov, Alexey"]
[Black "Szewczyk, Malwina"]
[Result "1-0"]
[WhiteElo "2192"]
[BlackElo "1418"]
[Annotator "TA"]
[PlyCount "45"]
[EventDate "2020.11.21"]
[EventType "team-tourn"]
[EventCountry "NET"]
[SourceTitle "playchess.com"]
[Source "ChessBase"]
[SourceQuality "1"]
[WhiteTeam "Israel"]
[BlackTeam "Poland"]
[WhiteTeamCountry "ISR"]
[BlackTeamCountry "POL"]

1. d4 Nf6 2. Nc3 g6 3. e4 d5 4. e5 Nfd7 5. Nxd5 Bg7 6. Nf3 Nc6 7. c4 O-O 8. Be2 b6 9. Bg5 f6 10. exf6 exf6 11. Bf4 g5 12. Bxc7 Qe8 13. Bd6 Rf7 14. Nc7 Qe4 15. Nxa8 g4 16. O-O gxf3 17. Bxf3 Qf5 18. Bxc6 Bh6 19. Bd5 Bb7 20. Bxb7 Rg7 21. Qf3 Qg6 22. Bd5+ Kh8 23. Nc7 1-0

[Event "FIDE Olympiad Disabilties 2020"]
[Site "Online"]
[Date "2020.11.21"]
[Round "5.4"]
[White "Piekielny, Pawel"]
[Black "Zilberman, Yaacov"]
[Result "1/2-1/2"]
[WhiteElo "2098"]
[BlackElo "2339"]
[Annotator "TA"]
[PlyCount "109"]
[EventDate "2020.11.21"]
[EventType "team-tourn"]
[EventCountry "NET"]
[SourceTitle "playchess.com"]
[Source "ChessBase"]
[SourceQuality "1"]
[WhiteTeam "Poland"]
[BlackTeam "Israel"]
[WhiteTeamCountry "POL"]
[BlackTeamCountry "ISR"]

1. e4 Nf6 2. e5 Nd5 3. Nc3 Nxc3 4. dxc3 d6 5. Bf4 Nc6 6. Bb5 Bd7 7. Qe2 dxe5 8. Bxe5 Nxe5 9. Qxe5 c6 10. Bd3 Qb8 11. Nf3 Qxe5+ 12. Nxe5 Be6 13. O-O-O g6 14. Bc4 Bg7 15. Bxe6 Bxe5 16. Bd7+ Kf8 17. Bh3 Bd6 18. g3 h5 19. b4 h4 20. Kb2 Kg7 21. a3 Rad8 22. Kb3 Kf6 23. c4 c5 24. Bg2 b6 25. Rd3 e6 26. Rhd1 Ke7 27. Bb7 hxg3 28. hxg3 Be5 29. Rxd8 Rxd8 30. Rxd8 Kxd8 31. c3 Kc7 32. Bg2 g5 33. g4 Kd6 34. Kc2 Bf4 35. Kd3 Ke5 36. bxc5 bxc5 37. Bc6 f5 38. gxf5 exf5 39. f3 Bc1 40. a4 a5 41. Bd7 Kf4 42. Ke2 g4 43. fxg4 fxg4 44. Bc6 Be3 45. Bb7 Bg1 46. Kf1 Bh2 47. Ke2 Bg3 48. Bc6 Bh4 49. Bb7 Bf6 50. Bc6 Bxc3 51. Bb7 Be5 52. Bc6 Kg3 53. Bd7 Bd4 54. Bc8 Kf4 55. Bb7 1/2-1/2

[Event "FIDE Olympiad Disabilties 2020"]
[Site "Online"]
[Date "2020.11.21"]
[Round "5.4"]
[White "Szalko, Maciej"]
[Black "Aleksandrova, Aleksandra"]
[Result "1-0"]
[WhiteElo "1946"]
[BlackElo "1780"]
[Annotator "TA"]
[PlyCount "65"]
[EventDate "2020.11.21"]
[EventType "team-tourn"]
[EventCountry "NET"]
[SourceTitle "playchess.com"]
[Source "ChessBase"]
[SourceQuality "1"]
[WhiteTeam "Poland"]
[BlackTeam "Israel"]
[WhiteTeamCountry "POL"]
[BlackTeamCountry "ISR"]

1. d4 d5 2. c4 e6 3. Nf3 c6 4. g3 Bd6 5. Bg2 Nd7 6. Qc2 Ngf6 7. O-O Ne4 8. Nc3 f5 9. b3 O-O 10. Bb2 Qf6 11. Rad1 g5 12. Nd2 Qh6 13. Ndxe4 fxe4 14. f3 Nf6 15. Bc1 Qh5 16. e3 exf3 17. Bxf3 g4 18. Bg2 Bd7 19. e4 e5 20. exd5 exd4 21. dxc6 bxc6 22. Ne2 Bc5 23. Qd3 Rad8 24. Nxd4 Bf5 25. Qc3 Ne4 26. Qb2 Ng5 27. Bxc6 Nf3+ 28. Bxf3 gxf3 29. Be3 Rfe8 30. Nxf5 Bxe3+ 31. Nxe3 Rxd1 32. Rxd1 Rxe3 33. Rd8+ 1-0

[Event "FIDE Olympiad Disabilties 2020"]
[Site "Online"]
[Date "2020.11.21"]
[Round "5.5"]
[White "Tuka, Oleg"]
[Black "Anfinogenov, Artem"]
[Result "0-1"]
[WhiteElo "2340"]
[BlackElo "2061"]
[Annotator "TA"]
[PlyCount "33"]
[EventDate "2020.11.21"]
[EventType "team-tourn"]
[EventCountry "NET"]
[SourceTitle "playchess.com"]
[Source "ChessBase"]
[SourceQuality "1"]
[WhiteTeam "Ukraine"]
[BlackTeam "Russia"]
[WhiteTeamCountry "UKR"]
[BlackTeamCountry "RUS"]

1. d4 d5 2. Nf3 Nf6 3. c4 dxc4 4. Nc3 a6 5. a4 e6 6. e3 c5 7. Bxc4 Nc6 8. d5 exd5 9. Nxd5 Nxd5 10. Bxd5 Be7 11. Bxc6+ bxc6 12. Qxd8+ Bxd8 13. Bd2 f6 14. O-O Be7 15. Rfc1 Rb8 16. Bc3 Kf7 17. Nd2 0-1

[Event "FIDE Olympiad Disabilties 2020"]
[Site "Online"]
[Date "2020.11.21"]
[Round "5.5"]
[White "Grigorchuk, Sergey"]
[Black "Tsapalin, Sergey"]
[Result "1-0"]
[WhiteElo "2213"]
[BlackElo "1943"]
[Annotator "TA"]
[PlyCount "85"]
[EventDate "2020.11.21"]
[EventType "team-tourn"]
[EventCountry "NET"]
[SourceTitle "playchess.com"]
[Source "ChessBase"]
[SourceQuality "1"]
[WhiteTeam "Ukraine"]
[BlackTeam "Russia"]
[WhiteTeamCountry "UKR"]
[BlackTeamCountry "RUS"]

1. d4 f5 2. g3 g6 3. Bg2 Bg7 4. Nf3 Nf6 5. O-O O-O 6. c4 d6 7. Nc3 Nc6 8. d5 Ne5 9. Nxe5 dxe5 10. e4 f4 11. c5 g5 12. Nb5 a6 13. Na3 Qe8 14. Nc4 Nd7 15. d6 exd6 16. cxd6 c6 17. b3 Qe6 18. Bb2 Rf6 19. Qh5 h6 20. Bh3 Qf7 21. Qxf7+ Kxf7 22. Bxd7 Bxd7 23. Nxe5+ Ke6 24. Nxd7 Kxd7 25. Bxf6 Bxf6 26. Rad1 Be5 27. Kg2 Rf8 28. f3 Rf6 29. Rd3 h5 30. Rfd1 g4 31. fxg4 hxg4 32. gxf4 Bxf4 33. Rf1 b5 34. Rd4 a5 35. e5 Bxe5 36. Rxf6 Bxf6 37. Rxg4 Kxd6 38. Rg6 Ke6 39. Kf3 c5 40. Ke4 c4 41. bxc4 bxc4 42. Rxf6+ Kxf6 43. Kd4 1-0

[Event "FIDE Olympiad Disabilties 2020"]
[Site "Online"]
[Date "2020.11.21"]
[Round "5.5"]
[White "Lipilin, Ilia"]
[Black "Kolpakov, Vladyslav"]
[Result "0-1"]
[WhiteElo "2189"]
[BlackElo "2223"]
[Annotator "TA"]
[PlyCount "98"]
[EventDate "2020.11.21"]
[EventType "team-tourn"]
[EventCountry "NET"]
[SourceTitle "playchess.com"]
[Source "ChessBase"]
[SourceQuality "1"]
[WhiteTeam "Russia"]
[BlackTeam "Ukraine"]
[WhiteTeamCountry "RUS"]
[BlackTeamCountry "UKR"]

1. d4 Nf6 2. c4 g6 3. f3 d5 4. cxd5 Nxd5 5. e4 Nb6 6. Nc3 Bg7 7. Be3 O-O 8. Qd2 Nc6 9. O-O-O Qd6 10. Nb5 Qd7 11. h4 Rd8 12. e5 a6 13. Nc3 Nd5 14. Bh6 Nxc3 15. bxc3 Bxh6 16. Qxh6 Nxe5 17. h5 Qc6 18. Ne2 Bf5 19. hxg6 Bxg6 20. dxe5 Qa4 21. Rd2 Rd5 22. Qxg6+ fxg6 23. Rxd5 Qxa2 24. Rd2 Qa3+ 25. Kd1 b5 26. g4 c5 27. Bg2 b4 28. cxb4 cxb4 29. Nd4 Rd8 30. Ke2 a5 31. Rhd1 Qc3 32. f4 Qg3 33. Bf3 Qxf4 34. Nc6 Qc4+ 35. Kf2 Qc5+ 36. Kg3 Rxd2 37. Rxd2 a4 38. Rd8+ Kg7 39. e6 a3 40. Nxe7 Qc7+ 41. Kh4 Qxd8 42. g5 Qxe7 43. Bd5 Qc5 44. e7 Qxe7 45. Bf3 a2 46. Bd5 a1=Q 47. Bf3 Qee5 48. Bg2 Qae1+ 49. Kh3 Q1g3# 0-1

[Event "FIDE Olympiad Disabilties 2020"]
[Site "Online"]
[Date "2020.11.21"]
[Round "5.5"]
[White "Dorozhkina, Mariya"]
[Black "Zarubinskaya, Irina"]
[Result "0-1"]
[WhiteElo "1705"]
[BlackElo "1747"]
[Annotator "NA RC"]
[PlyCount "62"]
[EventDate "2020.11.21"]
[EventType "team-tourn"]
[EventCountry "NET"]
[SourceTitle "playchess.com"]
[Source "ChessBase"]
[SourceQuality "1"]
[WhiteTeam "Russia"]
[BlackTeam "Ukraine"]
[WhiteTeamCountry "RUS"]
[BlackTeamCountry "UKR"]

1. d4 d5 2. c4 e6 3. Nf3 Nf6 4. g3 Nbd7 5. Bg2 c6 6. O-O Bd6 7. Nbd2 O-O 8. Qc2 e5 9. cxd5 Nxd5 10. Nc4 Qc7 11. Nxd6 Qxd6 12. dxe5 Nxe5 13. Ng5 Nf6 14. Bf4 h6 15. Rfd1 Qe7 16. Nf3 Nxf3+ 17. Bxf3 Rd8 18. Rxd8+ Qxd8 19. Rd1 Qb6 20. Bd6 Bh3 21. Be7 Ne8 22. Bh5 Qc7 23. Qe4 Be6 24. Qb4 Bxa2 25. Bg4 a5 26. Qa3 Bd5 27. e4 Bxe4 28. Rd7 Qe5 29. Rxb7 c5 30. Rd7 Bc6 31. Rd8 Qe1# 0-1

[Event "FIDE Olympiad Disabilties 2020"]
[Site "Online"]
[Date "2020.11.21"]
[Round "5.6"]
[White "Yarmonov, Igor"]
[Black "Nguyen, Van Quan"]
[Result "1/2-1/2"]
[WhiteElo "2391"]
[BlackElo "1783"]
[Annotator "RC"]
[PlyCount "81"]
[EventDate "2020.11.21"]
[EventType "team-tourn"]
[EventCountry "NET"]
[SourceTitle "playchess.com"]
[Source "ChessBase"]
[SourceQuality "1"]
[WhiteTeam "Ukraine"]
[BlackTeam "Vietnam"]
[WhiteTeamCountry "UKR"]
[BlackTeamCountry "VIE"]

1. d4 d5 2. c4 c6 3. Nf3 Nf6 4. Nc3 dxc4 5. a4 Bf5 6. e3 e6 7. Ne5 Nbd7 8. Nxc4 Bb4 9. Qb3 a5 10. Bd2 O-O 11. Na2 b5 12. axb5 cxb5 13. Na3 Bxd2+ 14. Kxd2 Nc5 15. Qd1 a4 16. Ke1 Nb3 17. Bxb5 Nxa1 18. Qxa1 e5 19. dxe5 Ng4 20. Nc3 Nxe5 21. f4 Nd3+ 22. Bxd3 Bxd3 23. Kf2 Re8 24. Qc1 Qh4+ 25. g3 Qh3 26. Qd1 Bg6 27. Qf1 Qe6 28. Qe2 Bh5 29. Qxh5 Qxe3+ 30. Kg2 Qd2+ 31. Kh3 Ra6 32. Nc4 Qf2 33. Qb5 Rh6+ 34. Kg4 Rg6+ 35. Kh3 Rh6+ 36. Kg4 f5+ 37. Qxf5 Rg6+ 38. Kh3 Rh6+ 39. Kg4 Rg6+ 40. Kh3 Rh6+ 41. Kg4 1/2-1/2

[Event "FIDE Olympiad Disabilties 2020"]
[Site "Online"]
[Date "2020.11.21"]
[Round "5.6"]
[White "Doan, Thu Huyen"]
[Black "Sovietova, Kateryna"]
[Result "1-0"]
[WhiteElo "1535"]
[BlackElo "1338"]
[Annotator "NA RC"]
[PlyCount "85"]
[EventDate "2020.11.21"]
[EventType "team-tourn"]
[EventCountry "NET"]
[SourceTitle "playchess.com"]
[Source "ChessBase"]
[SourceQuality "1"]
[WhiteTeam "Vietnam"]
[BlackTeam "Ukraine"]
[WhiteTeamCountry "VIE"]
[BlackTeamCountry "UKR"]

1. d4 d5 2. c4 e6 3. Nc3 Nf6 4. Nf3 Be7 5. Bg5 O-O 6. e3 Nc6 7. a3 b6 8. cxd5 Nxd5 9. Bxe7 Qxe7 10. Nxd5 exd5 11. Bb5 Bd7 12. O-O Na5 13. Bd3 Rfe8 14. Qc2 Bg4 15. Ne5 Be6 16. Bxh7+ Kf8 17. Bd3 Rac8 18. Ba6 Ra8 19. b4 Bc8 20. Bxc8 Rexc8 21. bxa5 bxa5 22. Qh7 Ke8 23. Qxg7 f6 24. Qg8+ Qf8 25. Qxf8+ Kxf8 26. Nd7+ Ke7 27. Nc5 Rab8 28. Rab1 Ra8 29. g3 Rh8 30. h4 f5 31. Kh2 Rh5 32. Kg2 Rah8 33. Rb7 Kd6 34. Rc1 f4 35. exf4 R5h7 36. Rxa7 Re8 37. Nd3 Re2 38. Ne5 Ra2 39. Rc6+ Ke7 40. Raxc7+ Kd8 41. Rxh7 Rxa3 42. Rg6 Rb3 43. Rg8# 1-0

[Event "FIDE Olympiad Disabilties 2020"]
[Site "Online"]
[Date "2020.11.21"]
[Round "5.6"]
[White "Tran, Thi Bich Thuy"]
[Black "Bondarets, Vadim"]
[Result "0-1"]
[WhiteElo "1422"]
[BlackElo "2210"]
[Annotator "TA"]
[PlyCount "140"]
[EventDate "2020.11.21"]
[EventType "team-tourn"]
[EventCountry "NET"]
[SourceTitle "playchess.com"]
[Source "ChessBase"]
[SourceQuality "1"]
[WhiteTeam "Vietnam"]
[BlackTeam "Ukraine"]
[WhiteTeamCountry "VIE"]
[BlackTeamCountry "UKR"]

1. d4 Nf6 2. Bg5 d5 3. Bxf6 gxf6 4. c4 c6 5. e3 f5 6. Bd3 e6 7. Nf3 Bg7 8. Nc3 Nd7 9. Qc2 Nf6 10. O-O-O Qa5 11. Kb1 Bd7 12. h3 Ne4 13. Bxe4 fxe4 14. Nd2 O-O-O 15. Nb3 Qc7 16. Nc5 b6 17. Nb3 Kb7 18. Rc1 Qd6 19. c5 Qe7 20. cxb6 axb6 21. a4 Qb4 22. a5 Bf8 23. Na2 Qb5 24. axb6 Kxb6 25. Nc5 Bxc5 26. Qxc5+ Qxc5 27. Rxc5 e5 28. Nc3 exd4 29. exd4 Ra8 30. b3 Rhb8 31. Kc2 f5 32. g3 f4 33. gxf4 Rf8 34. Ne2 Ra2+ 35. Kd1 Bc8 36. Rc2 Ra1+ 37. Rc1 Rxc1+ 38. Kxc1 Ba6 39. Kd2 Bxe2 40. Kxe2 Rxf4 41. Rg1 h5 42. Rg3 h4 43. Rc3 Rf6 44. f3 exf3+ 45. Rxf3 Re6+ 46. Kd3 Re4 47. Re3 Rf4 48. Kc3 Kb5 49. Kd3 Kb4 50. Re6 Rf3+ 51. Ke2 Rxh3 52. Rxc6 Rxb3 53. Rh6 h3 54. Kf2 Kc4 55. Rh4 h2 56. Kg2 Rb2+ 57. Kh1 Rd2 58. Rg4 Rxd4 59. Rg2 Rh4 60. Rg8 d4 61. Rc8+ Kd3 62. Re8 Kd2 63. Rd8 d3 64. Rc8 Ke3 65. Re8+ Re4 66. Rd8 d2 67. Kxh2 Ke2 68. Ra8 d1=Q 69. Ra2+ Kd3 70. Ra3+ Kd4 0-1

[Event "FIDE Olympiad Disabilties 2020"]
[Site "Online"]
[Date "2020.11.21"]
[Round "5.7"]
[White "Bozinovic, Bogdan"]
[Black "Paal, Attila"]
[Result "1-0"]
[WhiteElo "2151"]
[BlackElo "2148"]
[Annotator "TA"]
[PlyCount "181"]
[EventDate "2020.11.21"]
[EventType "team-tourn"]
[EventCountry "NET"]
[SourceTitle "playchess.com"]
[Source "ChessBase"]
[SourceQuality "1"]
[WhiteTeam "Croatia"]
[BlackTeam "Hungary"]
[WhiteTeamCountry "CRO"]
[BlackTeamCountry "HUN"]

1. d4 Nf6 2. c4 e6 3. Nc3 d5 4. cxd5 exd5 5. Bg5 Be7 6. e3 c6 7. Qc2 Nbd7 8. Bd3 Nf8 9. Nge2 Ne6 10. Bh4 g6 11. f3 Nh5 12. Bf2 f5 13. O-O-O O-O 14. Kb1 Neg7 15. h3 Be6 16. Rdf1 f4 17. e4 Bh4 18. Be1 Bxe1 19. Rxe1 Rc8 20. Rc1 a6 21. Na4 Rc7 22. Nc5 Bf7 23. Rhd1 Ne6 24. e5 Nxc5 25. Qxc5 Be6 26. Nc3 Rd7 27. Na4 Qg5 28. Qc2 Re7 29. Rd2 Ng3 30. Nc5 Bc8 31. Ka1 Nf5 32. Bxf5 Bxf5 33. Qb3 Bc8 34. Ne4 Qh4 35. a3 Bf5 36. Nd6 Bc8 37. Qb4 Rg7 38. Rdc2 Bf5 39. Rd2 Qe7 40. Rc3 g5 41. Rb3 Bc8 42. Qc5 h5 43. Rf2 Qc7 44. Qc1 Qa5 45. Rc3 Be6 46. Qd2 Qa4 47. Ka2 Qa5 48. Qc2 Qd8 49. Rb3 Qa8 50. Qd2 Qa7 51. Qb4 b5 52. Rc3 a5 53. Qc5 Qxc5 54. Rxc5 Bd7 55. Kb3 a4+ 56. Kb4 g4 57. hxg4 hxg4 58. Rc3 g3 59. Rd2 Rh7 60. Kc5 Rh2 61. Nb7 Bh3 62. Rcc2 Bf5 63. Rc1 Bh3 64. Rg1 Bg4 65. Rd3 Bf5 66. Rc3 Rh6 67. Nd6 Bd7 68. Rcc1 Kg7 69. Kb6 Rh7 70. Nb7 Kg6 71. Nc5 Be8 72. e6 Rfh8 73. Rce1 Kf6 74. Nd3 Rh4 75. Nb4 Ke7 76. Kc7 R4h6 77. Nd3 Rxe6 78. Rxe6+ Kxe6 79. Nxf4+ Kf5 80. Ne2 Rg8 81. Kd6 Rg6+ 82. Kc5 Bd7 83. Rh1 Kf6 84. Rh7 Bf5 85. Kxc6 Bd3 86. Nf4 Bf1 87. Nxg6 Kxg6 88. Rh3 Kf5 89. Rxg3 Kf4 90. Rg7 Bc4 91. Kc5 1-0